[Event "Leibnizschule Hannover - Sportgymnasium Dresden"]
[Site "Internet Schulschachpokal"]
[Date "2004.02.04"]
[Round "4"]
[White "sporti-3"]
[Black "aikidomisca50"]
[Result "1-0"]
[WhiteElo "2220"]
[BlackElo "1200"]
[PlyCount "31"]
[EventDate "2003.11.19"]

1. b3 e5 2. Bb2 Nc6 3. c4 Nf6 4. e3 Bb4 5. a3 Ba5 6. b4 Bxb4 7. axb4 Nxb4 8. d3
d6 9. Qa4+ Nc6 10. Nd2 O-O 11. Ngf3 Bf5 12. Be2 e4 13. dxe4 Nxe4 14. Nxe4 Bxe4
15. O-O Qf6 16. Bxf6 1-0

[Event "Leibnizschule Hannover - Sportgymnasium Dresden"]
[Site "Internet Schulschachpokal"]
[Date "2004.02.04"]
[Round "4"]
[White "sporti-7"]
[Black "HeleneFan"]
[Result "1/2-1/2"]
[WhiteElo "1725"]
[BlackElo "1839"]
[PlyCount "33"]
[EventDate "2003.11.19"]

1. e4 c5 2. Nf3 Nc6 3. d4 cxd4 4. Nxd4 Nf6 5. Nc3 e5 6. Ndb5 d6 7. Bg5 a6 8.
Na3 b5 9. Bxf6 gxf6 10. Nd5 f5 11. Bxb5 axb5 12. Nxb5 Ra4 13. Nbc7+ Kd7 14. O-O
Rxe4 15. Qh5 Nd4 16. Qxf7+ Kc6 17. c4 1/2-1/2

[Event "Leibnizschule Hannover - Sportgymnasium Dresden"]
[Site "Internet Schulschachpokal"]
[Date "2004.02.04"]
[Round "4"]
[White "sporti-2"]
[Black "debodo"]
[Result "1/2-1/2"]
[WhiteElo "2276"]
[BlackElo "1927"]
[PlyCount "42"]
[EventDate "2003.11.19"]

1. e4 c5 2. d4 cxd4 3. c3 Nf6 4. e5 Nd5 5. Bc4 Nb6 6. Bb3 Nc6 7. Nf3 d6 8. e6
Bxe6 9. Bxe6 fxe6 10. Ng5 Qd7 11. Qh5+ g6 12. Qf3 Ne5 13. Qh3 O-O-O 14. cxd4
Nc6 15. Nf7 Bg7 16. Nxh8 Bxh8 17. O-O Nxd4 18. Na3 e5 19. Qd3 Qf5 20. Qxf5+
gxf5 21. Be3 Rg8 1/2-1/2

[Event "Humboldt-Schule Leipzig - Thürtles"]
[Site "Internet Schulschachpokal"]
[Date "2004.02.04"]
[Round "4"]
[White "BVB Fan"]
[Black "felix_h"]
[Result "1-0"]
[WhiteElo "1788"]
[BlackElo "1693"]
[PlyCount "145"]
[EventDate "2003.11.19"]

1. e4 c5 2. Nc3 e6 3. f4 Nc6 4. Nf3 Nf6 5. d3 d5 6. exd5 exd5 7. g3 Bd6 8. Bg2
Bg4 9. O-O O-O 10. h3 Be6 11. Ng5 Ne7 12. Nxe6 fxe6 13. Nb5 Bb8 14. Be3 a6 15.
Na3 Ba7 16. d4 cxd4 17. Bxd4 Bxd4+ 18. Qxd4 Nc6 19. Qf2 Qd6 20. Rae1 Rae8 21.
Re2 Re7 22. Rd1 Rd8 23. c3 b5 24. Nc2 Na5 25. Ne3 Nc4 26. Nxc4 bxc4 27. Rde1
Rde8 28. Re5 Nd7 29. R5e3 Nc5 30. Qe2 Nd3 31. Rb1 Qb6 32. Kh2 Qc7 33. b3 Kh8
34. bxc4 dxc4 35. Rb7 Nxf4 36. Rxc7 Nxe2 37. Rxe7 Rxe7 38. Rxe2 g6 39. Bd5 Kg7
40. Bxc4 Rc7 41. Bxa6 Rxc3 42. Rxe6 Rc2+ 43. Re2 Rc3 44. a4 Rc6 45. Bb5 Rc3 46.
a5 Ra3 47. a6 Ra5 48. Bd3 Ra3 49. Rd2 g5 50. Bf1 Kf6 51. Rd6+ Kg7 52. Rd7+ Kf6
53. Rxh7 Ke5 54. a7 Kd4 55. Bg2 Ke3 56. a8=Q Rxa8 57. Bxa8 g4 58. h4 Kf2 59.
Rg7 Ke3 60. Rxg4 Kf2 61. Rf4+ Ke3 62. h5 Kd3 63. h6 Kc3 64. g4 Kb3 65. g5 Ka3
66. g6 Kb3 67. g7 Kc3 68. g8=Q Kd3 69. Qc4+ Ke3 70. Rf3+ Kd2 71. Qa2+ Ke1 72.
Rb3 Kd1 73. Rb1# 1-0

[Event "Humboldt-Schule Leipzig - Thürtles"]
[Site "Internet Schulschachpokal"]
[Date "2004.02.04"]
[Round "4"]
[White "Donatello"]
[Black "cncgott"]
[Result "1-0"]
[WhiteElo "1982"]
[BlackElo "2049"]
[PlyCount "71"]
[EventDate "2003.11.19"]

1. e4 c5 2. Nf3 e6 3. d4 cxd4 4. Nxd4 a6 5. Bd3 Bc5 6. Be3 Qb6 7. Ne2 Bxe3 8.
fxe3 Qxe3 9. Qd2 Qxd2+ 10. Nxd2 Nc6 11. Nc4 Nf6 12. O-O b5 13. Nd6+ Ke7 14.
Nxc8+ Raxc8 15. Nf4 Ne5 16. Rac1 Rc7 17. Ne2 Rhc8 18. Rfd1 Nfg4 19. c3 Ne3 20.
Rd2 N3c4 21. Bxc4 Nxc4 22. Rdc2 Rc5 23. Kf2 f5 24. Ng3 fxe4 25. Nxe4 Rf8+ 26.
Kg1 Rcf5 27. Ng3 R5f6 28. Re2 g6 29. b3 Nd6 30. Rd1 Rf4 31. Red2 Ne4 32. Rxd7+
Kf6 33. Nxe4+ Rxe4 34. Rf1+ Ke5 35. Rxf8 Re3 36. Rf3 1-0

[Event "Humboldt-Schule Leipzig - Thürtles"]
[Site "Internet Schulschachpokal"]
[Date "2004.02.04"]
[Round "4"]
[White "woody woodpaker"]
[Black "Master-Pimp"]
[Result "0-1"]
[WhiteElo "1869"]
[BlackElo "1927"]
[PlyCount "80"]
[EventDate "2003.11.19"]

1. Nc3 c5 2. e4 d6 3. f4 Nc6 4. Nf3 e6 5. d3 g6 6. g3 Bg7 7. Bg2 Nge7 8. O-O
O-O 9. Rb1 Qa5 10. Bd2 b5 11. a3 Qb6 12. Kh1 b4 13. axb4 Nxb4 14. Ne2 Ba6 15.
Bxb4 Qxb4 16. c3 Qb6 17. Qc2 Rab8 18. Rfd1 Nc6 19. g4 f5 20. gxf5 exf5 21. Ng5
Rbe8 22. b4 Nd8 23. bxc5 Qc6 24. cxd6 Qxd6 25. e5 Bxe5 26. fxe5 Rxe5 27. Nf3
Re3 28. Ned4 Nf7 29. c4 Rfe8 30. c5 Qc7 31. Ra1 Bc8 32. Re1 Kh8 33. Rxe3 Rxe3
34. Re1 Qe7 35. Rxe3 Qxe3 36. Qe2 Qc1+ 37. Qf1 Qxc5 38. Qa1 Kg8 39. Qe1 Bd7 40.
Ne6 Bxe6 0-1

[Event "Humboldt-Schule Leipzig - Thürtles"]
[Site "Internet Schulschachpokal"]
[Date "2004.02.04"]
[Round "4"]
[White "marcolinhio"]
[Black "Rudiriese"]
[Result "0-1"]
[WhiteElo "1830"]
[BlackElo "1884"]
[PlyCount "106"]
[EventDate "2003.11.19"]

1. Nc3 c5 2. e4 d6 3. f4 Nc6 4. Nf3 Nf6 5. g3 g6 6. Bg2 Bg7 7. O-O O-O 8. d3
Rb8 9. h3 b5 10. Bd2 Qb6 11. Kh1 b4 12. Ne2 Nh5 13. g4 Nf6 14. f5 Ba6 15. Nf4
c4 16. g5 Ne8 17. Nd5 Qd8 18. Bc1 cxd3 19. cxd3 Ne5 20. Ne1 Nc7 21. Nxc7 Qxc7
22. f6 exf6 23. gxf6 Bh8 24. Qb3 Nd7 25. Bh6 Rfe8 26. Bg7 Bxg7 27. fxg7 Nc5 28.
Qd5 Kxg7 29. Rc1 Qe7 30. Rf3 Bb7 31. Qd4+ f6 32. b3 Qe5 33. Qe3 Qe6 34. Nc2 Ba6
35. Nd4 Qd7 36. Bf1 f5 37. Qg5 h6 38. Qg3 fxe4 39. Nf5+ Kh7 40. d4 exf3 41.
dxc5 Bxf1 42. Nxd6 Bg2+ 43. Kh2 Re2 44. Kg1 Qxh3 45. Qxh3 Bxh3 46. c6 f2+ 47.
Kh1 f1=Q+ 48. Rxf1 Bxf1 49. c7 Bg2+ 50. Kg1 Rf8 51. Nf7 Rxf7 52. c8=Q Rf1+ 53.
Kh2 Bb7+ 0-1